| 000 | 01265nam a2200337Ia 4500 | ||
|---|---|---|---|
| 001 | ebr10271446 | ||
| 003 | CaPaEBR | ||
| 006 | m u | ||
| 007 | cr cn||||||||| | ||
| 008 | 060922s2006 enk sb 001 0 eng d | ||
| 010 | _z 2006700172 | ||
| 020 | _z0198524994 | ||
| 020 | _z9780198524991 | ||
| 040 |
_aCaPaEBR _cCaPaEBR |
||
| 035 | _a(OCoLC)646790405 | ||
| 050 | 1 | 4 |
_aQA169 _b.B66 2006eb |
| 100 | 1 | _aBoffi, G. | |
| 245 | 1 | 0 |
_aThreading homology through algebra _h[electronic resource] : _bselected patterns / _cGiandomenico Boffi, David A. Buchsbaum. |
| 260 |
_aOxford : _bClarendon, _c2006. |
||
| 300 | _axi, 255 p. | ||
| 490 | 1 | _aOxford mathematical monographs | |
| 504 | _aIncludes bibliographical references and index. | ||
| 533 |
_aElectronic reproduction. _bPalo Alto, Calif. : _cebrary, _d2011. _nAvailable via World Wide Web. _nAccess may be limited to ebrary affiliated libraries. |
||
| 650 | 0 | _aAlgebra, Homological. | |
| 650 | 0 | _aMathematics. | |
| 655 | 7 |
_aElectronic books. _2local |
|
| 700 | 1 | _aBuchsbaum, David A. | |
| 710 | 2 | _aebrary, Inc. | |
| 830 | 0 | _aOxford mathematical monographs. | |
| 856 | 4 | 0 |
_uhttp://site.ebrary.com/lib/rucke/Doc?id=10271446 _zAn electronic book accessible through the World Wide Web; click to view |
| 999 |
_c22155 _d22155 |
||